WW2 - Statistiken

Allgemein
  • Dieses Quiz wurde 451 mal gespielt
  • Das Durchschnittsergebnis liegt bei 12 aus 15
Antwortstatistiken
Hint Antwort % Korrekt
Welches Land begann den 2. Weltkrieg? Deutschland
99%
Wann begann der 2. Weltkrieg? 1. September 1939
98%
Mit der Invasion auf dieses Land begann der 2. Weltkrieg. Polen
98%
Wann endete der 2. Weltkrieg? 2. September 1945
90%
Mit der Kapitulation welches Landes endete er? Japan
88%
In welchem Land wurde es durchgeführt? Vereinigte Staaten
85%
Wie hieß das Bündnis der Briten, Amerikaner und Franzosen? Alliierte
84%
Wohin wurde sie geworfen? Hiroshima
84%
Wohin wurde sie geworfen? Nagasaki
81%
Wann war der D-Day? 6. Juni 1944
74%
Welcher Wissenschaftler wurde mit dem Bau einer Atombombe beauftragt? J. Robert Oppenheimer
72%
Wie hieß die erste Atombombe? Little Boy
66%
Wie hieß das Bündnis der Deutschen, Italiener und Japaner? Achsenmächte
65%
Wie hieß die zweite Atombombe? Fat Man
47%
Wie hieß das Projekt zur Entwicklung einer Atombombe? Manhattan-Projekt
43%
Keine übereinstimmenden Quizze gefunden
Verteilung der Resultate
Anzahl Personen mit jedem Resultat
Perzentil nach korrekt beantworteten Fragen
Ihre Resultats-Entwicklung
Sie haben dieses Quiz noch nicht gespielt